| 000 | 01203nam0a2200289 4500 | ||
|---|---|---|---|
| 001 | RU\NLR\bibl\1052850 | ||
| 005 | 20260405123805.0 | ||
| 021 |
_aRU _b2007-334 _916 |
||
| 035 | _a(NLR Aleph) 001040154 | ||
| 090 |
_a813489 _c813489 |
||
| 100 | _a20070301d2006 |||y0rusy50 ca | ||
| 101 | 0 | _arus | |
| 102 | _aRU | ||
| 105 | _ay ||||||||| | ||
| 200 | 1 |
_aОсновы тензорной алгебры _e[задачник] _fТришин В.Н., Тришина Н.Е. _gРос. хим.-технол. ун-т им. Д.И. Менделеева, Высш. хим. колледж РАН |
|
| 210 |
_aМосква _cИзд-во РХТУ _d2006 |
||
| 215 |
_a72 с. _d20 |
||
| 320 | _aБиблиогр.: с. 71 (7 назв.) | ||
| 606 | 1 |
_aТензорная алгебра _jЗадачники _9935313 _3RU\NLR\auth\6626561 |
|
| 686 | _aВ181.142я73-4 | ||
| 700 | 1 |
_4070 _8rus _7ca _aТришин _bВ. Н. _gВладимир Николаевич _3RU\NLR\auth\7749388 _932323 |
|
| 701 | 1 |
_4070 _8rus _7ca _aТришина _bН. Е. _gНаталия Евгеньевна _3RU\NLR\auth\7749375 _932310 |
|
| 801 | 0 |
_aRU _bNLR _c20070301 _gRCR |
|
| 801 | 1 |
_aRU _bNLR _c20070301 |
|
| 942 | _cBOOK | ||
| 980 | _aNB | ||